RICS focus on small business' needs (Record no. 72538)

MARC details
000 -LEADER
fixed length control field 00775cam a2200181 4500
001 - CONTROL NUMBER
control field WB3915-03
008 - FIXED-LENGTH DATA ELEMENTS--GENERAL INFORMATION
fixed length control field 030424n2003 000 0 eng u
035 ## - SYSTEM CONTROL NUMBER
System control number (Sirsi) u122079
245 ## - TITLE STATEMENT
Title RICS focus on small business' needs
260 ## - PUBLICATION, DISTRIBUTION, ETC.
Date of publication, distribution, etc. 2003
490 ## - SERIES STATEMENT
Series statement RICS Press Release
Volume/sequential designation (pr035) 23 April 2003 (2)
520 ## - SUMMARY, ETC.
Summary, etc. RICS provided support and advice to small businesses at the "Sunday Times" National Small Business Week at Earls Court 28-30 April 2003. Issues covered included "Property in business - a waste of space?" and "Property solutions", a free web-based device to help small firms. http://www.rics.org/includes/listprmoreall.html?
590 ## - LOCAL NOTE (RLIN)
Local note WB
650 ## - SUBJECT ADDED ENTRY--TOPICAL TERM
Topical term or geographic name entry element SMALL BUSINESSES
650 ## - SUBJECT ADDED ENTRY--TOPICAL TERM
Topical term or geographic name entry element SMES
690 ## - LOCAL SUBJECT ADDED ENTRY--TOPICAL TERM (OCLC, RLIN)
Topical term or geographic name as entry element MANAGEMENT-BUSINESS MANAGEMENT
942 ## - ADDED ENTRY ELEMENTS (KOHA)
Suppress in OPAC 0
Holdings
Withdrawn status Lost status Source of classification or shelving scheme Damaged status Not for loan Home library Current library Shelving location Date acquired Total Checkouts Full call number Barcode Date last seen Copy number Price effective from Koha item type
    Dewey Decimal Classification     London London News article 24/04/2003   WB3915-03 122079-1001 06/08/2019 1 06/08/2019 News article